000 00521cam a2200169 4500500
005 20260405001851.0
041 _afre
042 _adc
100 1 0 _aNathan, Tobie
_eauthor
245 0 0 _aPhilosopher ou faire l’amour
260 _c2014.
500 _a25
690 _aMehdi Belhaj Kacem
690 _aRuwen Ogien
786 0 _nPhilosophie magazine | 83 | 10 | 2014-10-01 | p. 60-61 | 1951-1787
856 4 1 _uhttps://shs.cairn.info/magazine-philosophie-magazine-2014-10-page-60?lang=fr&redirect-ssocas=7080
999 _c2051851
_d2051851